|
|
|
|
| LEADER |
00000cam a2200000 7i4500 |
| 001 |
0000008302 |
| 005 |
20050505093000.0 |
| 008 |
021119s1959 |
| 090 |
0 |
0 |
|a HD30.3
|b .B344
|
| 100 |
0 |
|
|a Balinsky, Benjamin ,
|e author
|
| 245 |
1 |
4 |
|a The executive interview :
|b a bridge to people
|c Benjamin Balinsky
|
| 260 |
2 |
|
|a New York :
|b Evanston ; Harper & Row ,
|c c1959
|
| 300 |
|
|
|a 209 p. ;
|c 21 cm.
|
| 504 |
|
|
|a Includes bibliographical references (p. 199) and index
|
| 650 |
|
0 |
|a Communication in management
|
| 650 |
|
0 |
|a Interviewing
|
| 999 |
|
|
|a 1000008621
|b Book
|c OPEN SHELF (30 DAYS)
|e Gong Badak Campus
|